Universal Horror Movies (1923-1956) Quiz Stats

 Plays Quiz not verified by Sporcle

Score 0/45 Timer 13:00
0 Plays Today
Synopsis Title % Correct
A vampire moves to England in search of new blood.Dracula
94.2%
An obsessed scientist studying reanimated life gets more than he bargained forFrankenstein
91.8%
A masked man causes mayhem at Palais GarnierThe Phantom of The Opera
91.1%
In this version, a pit violinist murders a music publisher and adopts the famous eponymous identityPhantom of The Opera
91.1%
An ancient priest is revived after an achaeologist carelessly reads an inscripted incantationThe Mummy
90%
A deformed bellringer falls for (but doesn't get) the girlThe Hunchback of Notre Dame
86.6%
'The monster demands a mate!'Bride of Frankenstein
85.5%
A young man is cursed and scarred, and begins inadvertantly murdering townspeopleThe Wolf Man
81.7%
A scientist hides his dark secret under sunglasses and a roll of bandagesThe Invisible Man
80.8%
Scientists traveling up the Amazon River encounter a dangerous humanoid amphibious fish creatureCreature From The Black Lagoon
77.1%
A crooked blacksmith asks a young doctor to revive his father's creationSon of Frankenstein
71.7%
A surgeon obsessed with Edgar Allen Poe goes mad when he can't have a beautiful dancer.The Raven
63.9%
A psychiatrist accuses his former friend of stealing his wife.The Black Cat
61.7%
An elderly woman lives in an isolated mansion with her beloved cats. As her health fails, her greedy relatives gather in anticipation of her deathThe Black Cat
61.7%
Count Alucard finds his way from Budapest to the swamps of the American Deep South after meeting a moneyed young womanSon of Dracula
61.3%
A Hungarian countess seeks the aid of a noted psychiatrist, in hopes of freeing herself of a mysterious evil influence.Dracula's Daughter
61%
An evil scientist and a hunchback escape from prison and encounter three iconic monstersHouse of Frankenstein
61%
Two monsters seek cures to their afflictionsHouse of Dracula
58.3%
One famous character seeks help dying from another famous doctorFrankenstein Meets The Wolf Man
58.1%
A couple of out-of-work archaeologists in Egypt discover evidence of the burial place of an ancient princessThe Mummy's Hand
56.4%
Only a rare flower can stop the lycanthropic monster during a full moonWerewolf of London
55.4%
Loosely based on an Edgar Allen Poe story; a mad scientist abducts women and injects them with ape bloodMurders In The Rue Morgue
54.1%
Several travellers in Wales escape rain in a creepy mansion belonging to a strange familyThe Old Dark House
53.4%
Synopsis Title % Correct
A creature is captured by scientists and transported to an aquarium in South FloridaRevenge of the Creature
52.8%
An irrigation project in the bayous of Louisiana unearths a living mummyThe Mummy's Curse
52.6%
Ludwig, obsessed with his father's work, unaware that associates have their own motivesThe Ghost of Frankenstein
52.3%
A priest travels to America to kill all those who had desecrated the tomb of a princessThe Mummy's Tomb
51.7%
A sea-creature is captured and given air-breathing abilitiesThe Creature Walks Among Us
48.6%
The owner of a coal mining operation, falsely imprisoned for fratricide seeks a doctor's aid in finding the real killerThe Invisible Man Returns
46.1%
An attractive model with an ulterior motive volunteers as guinea pig for an scientific experimentThe Invisible Woman
46.1%
A secret agent takes advantage of a scientific breakthrough to spy on the NazisInvisible Agent
41.7%
An Egyptian high priest travels to America to reclaim the bodies of ancient princess and its living guardianThe Mummy's Ghost
40.8%
Radiation causes a scientist to instantly kill anyone whom he touchesThe Invisible Ray
40.1%
Richard Duke of Gloucester eliminates those ahead of him in succession to the throne, occupied by his brother King Edward IVTower of London
39.7%
A family spend the night in a haunted mansion and are stalked by a mysterious figureThe Cat and The Canary
38.8%
In 1690, the King physically scars the son a nobleman, who makes a living showing off his disfigurements.The Man Who Laughs
38.5%
A young heiress discovers that she's been committing ghastly murdersShe-Wolf of London
33.6%
Archaeologists discover a Sumerian civilization of mutantsThe Mole People
32.8%
An eccentric scientist unwittingly gives a fugitive the power to exact revenge on his former friends. The Invisible Man's Revenge
29.2%
Possibly the first talkie horror film, it is one of many early films lost to history. Only a few still-frames exist today.The Cat Creeps
26.5%
Near death, a man seeks an illegal operation to keep himself alive, which results in Jeckyll-and-Hyde-like effectsBlack Friday
24.5%
A chemistry professor experiments with a gas on one of his pupils, turning the young man into a ghoulThe Mad Ghoul
24.3%
A theatre's physician murders a young actress in jealousy, and ten years later feels haunted by the act The Climax
18.9%
Five years after a theatre closed due to an actor's murder, the producer intends to solve the crime.The Last Warning
14.9%
A sinister stage magician is in love with his young assistant, who is herself in love with a suspected murdering thiefThe Last Performance
13.8%

You're not logged in!

Compare scores with friends on all Sporcle quizzes.
OR
Log In

Sporcle TV

Today on Sporcle TV


Watch our educational content, quiz creation guides, and fun videos on Sporcle TV.

Show Comments

Extras

Top Quizzes Today


Score Distribution

Your Account Isn't Verified!

In order to create a playlist on Sporcle, you need to verify the email address you used during registration. Go to your Sporcle Settings to finish the process.

Report this User

Report this user for behavior that violates our Community Guidelines.

Details: